Orgány federace a republik.

Zoznam a základné údaje orgánov federácie a republík. Česká a Slovenska federatívna republika: Vláda ČSFR. Predsedníctvo vlády ČSFR. Federálne ministerstvá. Ďalšie federálne orgány. Česká republika: Úrad vlády ČR. Ministerstvá ČR. Ďalšie orgány ČR. Slovenská republika: Vláda SR. Ministerstvá SR. Ďal...

Ausführliche Beschreibung

Gespeichert in:
Bibliographische Detailangaben
Format: Buchkapitel
Sprache:Tschechisch
Schlagworte:
Tags: Tag hinzufügen
Keine Tags, Fügen Sie das erste Tag hinzu!

MARC

LEADER 00000naa a2200000 4500
001 r001440
005 20220819175612.8
041 0 |a cze 
044 |a [CS] 
245 1 0 |a Orgány federace a republik. 
520 |a Zoznam a základné údaje orgánov federácie a republík. Česká a Slovenska federatívna republika: Vláda ČSFR. Predsedníctvo vlády ČSFR. Federálne ministerstvá. Ďalšie federálne orgány. Česká republika: Úrad vlády ČR. Ministerstvá ČR. Ďalšie orgány ČR. Slovenská republika: Vláda SR. Ministerstvá SR. Ďalšie orgány SR. 
610 2 0 |a ČSFR 
610 2 0 |a Čechy 
610 2 0 |a Slovensko 
610 2 0 |a vláda 
610 2 0 |a ministerstvá 
610 2 0 |a orgány štátne